000 00493nam a2200193 i 4500
001 bg
100 1 _aBAHRAMI, Alin
245 0 _aDesigning artificial intelligence based software /
_cAli Bahrami.
260 _aWilmslow :
_bHalsted,
_c1988.
650 9 _aInteligencja sztuczna
650 9 _aKomputery
_xprogramowanie
020 _a0470209127
040 _cBPK
041 _apol
080 _a004
920 _a0-470-20912-7
942 _cKS
008 s pl f |000 0 pol
999 _c29736
_d29736
856 _uhttp://koha.tu.koszalin.pl/cgi-bin/koha/opac-detail.pl?biblionumber=29736
_yKatalog online BPK